000
00186nam a22000857a 4500
020
_a
9789386794994
082
_a
K423
245
_a
WE DID IT - MY PHONICS - BOOK 3 B - EXTRA COPY
942
_c
BK
999
_c
6231
_d
6231